| 000 | 00551cam a22002174a 4500 | ||
|---|---|---|---|
| 005 | 20250605164247.0 | ||
| 008 | 250528s ||||||||||||||||||||||||d | ||
| 035 | _a21548 | ||
| 020 | _a9780030316265 | ||
| 040 |
_aGR-AtMCL _bgre _dGR-AtMCL _eAACR2 |
||
| 245 | 1 | _aINTERNATIONAL BUSINESS UPDATE 2000 | |
| 250 | _a5 | ||
| 260 |
_bThe Dryden Press, _c2000 |
||
| 300 | _a589 | ||
| 700 | 1 |
_aCzinkota Michael R _91215 |
|
| 700 | 1 |
_aMoffett Michael H _91226 |
|
| 700 | 1 |
_aRonkainen Iikka A _91216 |
|
| 942 | _cBK | ||
| 999 |
_c6610 _d6610 |
||